Rising damp in walls (Record no. 107620)

MARC details
000 -LEADER
fixed length control field 00455cam a22001815a 4500
001 - CONTROL NUMBER
control field L141272
008 - FIXED-LENGTH DATA ELEMENTS--GENERAL INFORMATION
fixed length control field 071109s2007 xxk f 000 0 eng d
020 ## - INTERNATIONAL STANDARD BOOK NUMBER
International Standard Book Number 9781848060128
035 ## - SYSTEM CONTROL NUMBER
System control number (Sirsi) u141272
041 0# - LANGUAGE CODE
Language code of text/sound track or separate title eng
100 1# - MAIN ENTRY--PERSONAL NAME
Personal name Trotman, Peter
110 2# - MAIN ENTRY--CORPORATE NAME
Corporate name or jurisdiction name as entry element BRE
245 00 - TITLE STATEMENT
Title Rising damp in walls
Remainder of title diagnosis and treatment
260 ## - PUBLICATION, DISTRIBUTION, ETC.
Place of publication, distribution, etc. Garston, Watford
Name of publisher, distributor, etc. BRE
Date of publication, distribution, etc. 2007
490 #0 - SERIES STATEMENT
Series statement BRE Digest; DG245
651 #4 - SUBJECT ADDED ENTRY--GEOGRAPHIC NAME
Geographic name ENGLAND AND WALES
942 ## - ADDED ENTRY ELEMENTS (KOHA)
Suppress in OPAC 0
Holdings
Withdrawn status Lost status Source of classification or shelving scheme Damaged status Not for loan Home library Current library Shelving location Date acquired Total Checkouts Full call number Barcode Date last seen Date last checked out Copy number Price effective from Koha item type
    Dewey Decimal Classification     London London BRE publications 09/11/2007 3 ENQUIRY DESK 30074340 06/08/2019 28/08/2009 1 06/08/2019 Book